[Event "Gibraltar Masters 18th"]
[Site "Gibraltar"]
[Date "2020.01.29"]
[Round "9.5"]
[White "Yuffa, Daniil"]
[Black "Alekseenko, Kirill"]
[Result "1/2-1/2"]
[WhiteElo "2566"]
[BlackElo "2704"]
[PlyCount "27"]
[EventDate "2020.01.21"]
[EventType "swiss"]
[EventRounds "10"]
[EventCountry "GGB"]
[SourceTitle "BritBase"]
[Source "John Saunders"]
[SourceDate "2021.06.05"]
[SourceVersion "1"]
[SourceVersionDate "2021.06.05"]
[SourceQuality "1"]
[TimeControl "40/100:0"]
[WhiteClock "1:37:25"]
[BlackClock "1:35:45"]

1. e4 {[%emt 0:00:00]} c5 {[%emt 0:00:00]} 2. Nf3 {[%emt 0:00:00]} d6 {[%emt 0:
00:00]} 3. Bb5+ {[%emt 0:00:00]} Nd7 {[%emt 0:00:00]} 4. d4 {[%emt 0:00:00]}
cxd4 {[%emt 0:00:00]} 5. Qxd4 {[%emt 0:00:00]} a6 {[%emt 0:00:00]} 6. Bxd7+ {
[%emt 0:00:00]} Bxd7 {[%emt 0:00:00]} 7. c4 {[%emt 0:00:00]} e5 {[%emt 0:00:00]
} 8. Qd3 {[%emt 0:00:00]} b5 {[%emt 0:00:00]} 9. Nc3 {[%emt 0:00:00]} bxc4 {
[%emt 0:00:00]} 10. Qxc4 {[%emt 0:00:00]} Be6 {[%emt 0:00:00]} 11. Qc6+ {
[%emt 0:00:00]} Bd7 {[%emt 0:00:00]} 12. Qc4 {[%emt 0:00:00]} Be6 {[%emt 0:00:
00]} 13. Qc6+ {[%emt 0:00:00]} Bd7 {[%emt 0:00:00]} 14. Qc4 {[%emt 0:00:00]}
1/2-1/2

[Event "Gibraltar Masters 18th"]
[Site "Gibraltar"]
[Date "2020.01.29"]
[Round "9.6"]
[White "Vachier-Lagrave, Maxime"]
[Black "Can, Emre"]
[Result "1-0"]
[WhiteElo "2770"]
[BlackElo "2600"]
[PlyCount "115"]
[EventDate "2020.01.21"]
[EventType "swiss"]
[EventRounds "10"]
[EventCountry "GGB"]
[SourceTitle "BritBase"]
[Source "John Saunders"]
[SourceDate "2021.06.05"]
[SourceVersion "1"]
[SourceVersionDate "2021.06.05"]
[SourceQuality "1"]
[TimeControl "40/100:0"]
[WhiteClock "1:20:10"]
[BlackClock "0:17:00"]

1. e4 {[%emt 0:00:00]} c5 {[%emt 0:00:00]} 2. Nf3 {[%emt 0:00:00]} d6 {[%emt 0:
00:00]} 3. Bb5+ {[%emt 0:00:00]} Nd7 {[%emt 0:00:00]} 4. a4 {[%emt 0:00:00]}
Ngf6 {[%emt 0:00:00]} 5. Nc3 {[%emt 0:00:00]} a6 {[%emt 0:00:00]} 6. Be2 {
[%emt 0:00:00]} b6 {[%emt 0:00:00]} 7. d4 {[%emt 0:00:00]} cxd4 {[%emt 0:00:00]
} 8. Qxd4 {[%emt 0:00:00]} Bb7 {[%emt 0:00:00]} 9. O-O {[%emt 0:00:00]} e6 {
[%emt 0:00:00]} 10. Nd2 {[%emt 0:00:00]} d5 {[%emt 0:00:00]} 11. exd5 {[%emt 0:
00:00]} Bc5 {[%emt 0:00:00]} 12. Qh4 {[%emt 0:00:00]} Nxd5 {[%emt 0:00:00]} 13.
Qxd8+ {[%emt 0:00:00]} Rxd8 {[%emt 0:00:00]} 14. Nxd5 {[%emt 0:00:00]} exd5 {
[%emt 0:00:00]} 15. Nb3 {[%emt 0:00:00]} O-O {[%emt 0:00:00]} 16. Bf4 {[%emt 0:
00:00]} Rfe8 {[%emt 0:00:00]} 17. Rfe1 {[%emt 0:00:00]} Nf8 {[%emt 0:00:00]}
18. a5 {[%emt 0:00:00]} Ne6 {[%emt 0:00:00]} 19. axb6 {[%emt 0:00:00]} Bxb6 {
[%emt 0:00:00]} 20. Bd2 {[%emt 0:00:00]} Nd4 {[%emt 0:00:00]} 21. Nxd4 {
[%emt 0:00:00]} Bxd4 {[%emt 0:00:00]} 22. Bd3 {[%emt 0:00:00]} Re6 {[%emt 0:00:
00]} 23. Ra4 {[%emt 0:00:00]} Bf6 {[%emt 0:00:00]} 24. Rb4 {[%emt 0:00:00]} Bc8
{[%emt 0:00:00]} 25. Ra1 {[%emt 0:00:00]} g6 {[%emt 0:00:00]} 26. Kf1 {[%emt 0:
00:00]} Rc6 {[%emt 0:00:00]} 27. Ke2 {[%emt 0:00:00]} Be7 {[%emt 0:00:00]} 28.
Rba4 {[%emt 0:00:00]} Bf6 {[%emt 0:00:00]} 29. R1a2 {[%emt 0:00:00]} Rdd6 {
[%emt 0:00:00]} 30. Kd1 {[%emt 0:00:00]} Rb6 {[%emt 0:00:00]} 31. b3 {[%emt 0:
00:00]} Kg7 {[%emt 0:00:00]} 32. g4 {[%emt 0:00:00]} h6 {[%emt 0:00:00]} 33. h3
{[%emt 0:00:00]} Rbc6 {[%emt 0:00:00]} 34. Bf4 {[%emt 0:00:00]} Re6 {[%emt 0:
00:00]} 35. Be3 {[%emt 0:00:00]} Be5 {[%emt 0:00:00]} 36. Bd4 {[%emt 0:00:00]}
f6 {[%emt 0:00:00]} 37. Rb4 {[%emt 0:00:00]} Bd6 {[%emt 0:00:00]} 38. Rb6 {
[%emt 0:00:00]} Rxb6 {[%emt 0:00:00]} 39. Bxb6 {[%emt 0:00:00]} Be5 {[%emt 0:
00:00]} 40. Be3 {[%emt 0:00:00]} d4 {[%emt 0:00:00]} 41. Bd2 {[%emt 0:00:00]}
Bb7 {[%emt 0:01:11]} 42. f4 {[%emt 0:00:00]} Bc7 {[%emt 0:00:00]} 43. Ra4 {
[%emt 0:00:00]} Rd6 {[%emt 0:00:00]} 44. h4 {[%emt 0:00:00]} Bc8 {[%emt 0:00:
00]} 45. f5 {[%emt 0:00:00]} Bd7 {[%emt 0:00:00]} 46. Rb4 {[%emt 0:00:00]} Bb6
{[%emt 0:00:00]} 47. Bf4 {[%emt 0:00:00]} a5 {[%emt 0:00:00]} 48. Bxd6 {
[%emt 0:00:00]} axb4 {[%emt 0:00:00]} 49. Bxb4 {[%emt 0:00:00]} h5 {[%emt 0:00:
00]} 50. gxh5 {[%emt 0:00:00]} gxf5 {[%emt 0:00:00]} 51. Bd6 {[%emt 0:00:00]}
Kh6 {[%emt 0:00:00]} 52. Be2 {[%emt 0:00:00]} Bc6 {[%emt 0:00:00]} 53. b4 {
[%emt 0:00:00]} Be4 {[%emt 0:00:00]} 54. Bf4+ {[%emt 0:00:00]} Kh7 {[%emt 0:00:
00]} 55. Kc1 {[%emt 0:00:00]} Bd8 {[%emt 0:00:00]} 56. Kb2 {[%emt 0:00:00]} Be7
{[%emt 0:00:00]} 57. Kb3 {[%emt 0:00:00]} Bf8 {[%emt 0:00:00]} 58. Bd3 {
[%emt 0:00:00]} 1-0

[Event "Gibraltar Masters 18th"]
[Site "Gibraltar"]
[Date "2020.01.29"]
[Round "9.8"]
[White "Pichot, Alan"]
[Black "Navara, David"]
[Result "0-1"]
[WhiteElo "2606"]
[BlackElo "2717"]
[PlyCount "74"]
[EventDate "2020.01.21"]
[EventType "swiss"]
[EventRounds "10"]
[EventCountry "GGB"]
[SourceTitle "BritBase"]
[Source "John Saunders"]
[SourceDate "2021.06.05"]
[SourceVersion "1"]
[SourceVersionDate "2021.06.05"]
[SourceQuality "1"]
[TimeControl "40/100:0"]
[WhiteClock "0:17:26"]
[BlackClock "0:32:37"]

1. e4 {[%emt 0:00:00]} c5 {[%emt 0:00:00]} 2. Nf3 {[%emt 0:00:00]} d6 {[%emt 0:
00:00]} 3. d4 {[%emt 0:00:00]} cxd4 {[%emt 0:00:00]} 4. Nxd4 {[%emt 0:00:00]}
Nf6 {[%emt 0:00:00]} 5. Nc3 {[%emt 0:00:00]} a6 {[%emt 0:00:00]} 6. h3 {
[%emt 0:00:00]} e6 {[%emt 0:00:00]} 7. g4 {[%emt 0:00:00]} Be7 {[%emt 0:00:00]}
8. g5 {[%emt 0:00:00]} Nfd7 {[%emt 0:00:00]} 9. h4 {[%emt 0:00:00]} b5 {
[%emt 0:00:00]} 10. a3 {[%emt 0:00:00]} Bb7 {[%emt 0:00:00]} 11. Be3 {[%emt 0:
00:00]} Nc6 {[%emt 0:00:00]} 12. Qd2 {[%emt 0:00:00]} Rc8 {[%emt 0:00:00]} 13.
Rh3 {[%emt 0:00:00]} b4 {[%emt 0:00:00]} 14. axb4 {[%emt 0:00:00]} Nxb4 {
[%emt 0:00:00]} 15. Nb1 {[%emt 0:00:00]} a5 {[%emt 0:00:00]} 16. c3 {[%emt 0:
00:00]} Nc6 {[%emt 0:00:00]} 17. Nb5 {[%emt 0:00:00]} d5 {[%emt 0:00:00]} 18.
exd5 {[%emt 0:00:00]} exd5 {[%emt 0:00:00]} 19. Qxd5 {[%emt 0:00:00]} O-O {
[%emt 0:00:00]} 20. Na7 {[%emt 0:00:00]} Nxa7 {[%emt 0:00:00]} 21. Qxb7 {
[%emt 0:00:00]} Bc5 {[%emt 0:00:00]} 22. Bxc5 {[%emt 0:00:00]} Nxc5 {[%emt 0:
00:00]} 23. Qxa7 {[%emt 0:00:00]} Re8+ {[%emt 0:00:00]} 24. Re3 {[%emt 0:00:00]
} Rxe3+ {[%emt 0:00:00]} 25. fxe3 {[%emt 0:00:00]} Qe8 {[%emt 0:00:00]} 26. Kf2
{[%emt 0:00:00]} Ne4+ {[%emt 0:00:00]} 27. Kf3 {[%emt 0:00:00]} f5 {[%emt 0:00:
00]} 28. gxf6 {[%emt 0:00:00]} Qh5+ {[%emt 0:00:00]} 29. Kxe4 {[%emt 0:00:00]}
Qg4+ {[%emt 0:00:00]} 30. Ke5 {[%emt 0:00:00]} Re8+ {[%emt 0:00:00]} 31. Qe7 {
[%emt 0:00:00]} gxf6+ {[%emt 0:00:00]} 32. Kd6 {[%emt 0:00:00]} Qd1+ {[%emt 0:
00:00]} 33. Ke6 {[%emt 0:00:00]} Rxe7+ {[%emt 0:00:00]} 34. Kxe7 {[%emt 0:00:
00]} Qxf1 {[%emt 0:00:00]} 35. b4 {[%emt 0:00:00]} axb4 {[%emt 0:00:00]} 36.
cxb4 {[%emt 0:00:00]} Qd3 {[%emt 0:00:00]} 37. Ra8+ {[%emt 0:00:00]} Kg7 {
[%emt 0:00:00]} 0-1

[Event "Gibraltar Masters 18th"]
[Site "Gibraltar"]
[Date "2020.01.29"]
[Round "9.9"]
[White "Le, Quang Liem"]
[Black "Santos Latasa, Jaime"]
[Result "1-0"]
[WhiteElo "2713"]
[BlackElo "2586"]
[PlyCount "55"]
[EventDate "2020.01.21"]
[EventType "swiss"]
[EventRounds "10"]
[EventCountry "GGB"]
[SourceTitle "BritBase"]
[Source "John Saunders"]
[SourceDate "2021.06.05"]
[SourceVersion "1"]
[SourceVersionDate "2021.06.05"]
[SourceQuality "1"]
[TimeControl "40/100:0"]
[WhiteClock "0:55:14"]
[BlackClock "0:39:21"]

1. e4 {[%emt 0:00:00]} c5 {[%emt 0:00:00]} 2. Nf3 {[%emt 0:00:00]} d6 {[%emt 0:
00:00]} 3. d4 {[%emt 0:00:00]} cxd4 {[%emt 0:00:00]} 4. Nxd4 {[%emt 0:00:00]}
Nf6 {[%emt 0:00:00]} 5. Nc3 {[%emt 0:00:00]} a6 {[%emt 0:00:00]} 6. h3 {
[%emt 0:00:00]} e5 {[%emt 0:00:00]} 7. Nb3 {[%emt 0:00:00]} Be7 {[%emt 0:00:00]
} 8. g4 {[%emt 0:00:00]} Be6 {[%emt 0:00:00]} 9. g5 {[%emt 0:00:00]} Nfd7 {
[%emt 0:00:00]} 10. h4 {[%emt 0:00:00]} b5 {[%emt 0:00:00]} 11. f4 {[%emt 0:00:
00]} exf4 {[%emt 0:00:00]} 12. Bxf4 {[%emt 0:00:00]} Nc6 {[%emt 0:00:00]} 13.
Qd2 {[%emt 0:00:00]} Nce5 {[%emt 0:00:00]} 14. O-O-O {[%emt 0:00:00]} O-O {
[%emt 0:00:00]} 15. Nd4 {[%emt 0:00:00]} Nc5 {[%emt 0:00:00]} 16. Nf5 {[%emt 0:
00:00]} Bxf5 {[%emt 0:00:00]} 17. exf5 {[%emt 0:00:00]} Re8 {[%emt 0:00:00]}
18. Nd5 {[%emt 0:00:00]} Bf8 {[%emt 0:00:00]} 19. h5 {[%emt 0:00:00]} Ncd7 {
[%emt 0:00:00]} 20. h6 {[%emt 0:00:00]} g6 {[%emt 0:00:00]} 21. Bh3 {[%emt 0:
00:00]} Kh8 {[%emt 0:00:00]} 22. Rhe1 {[%emt 0:00:00]} Rc8 {[%emt 0:00:00]} 23.
Qf2 {[%emt 0:00:00]} Rc5 {[%emt 0:00:00]} 24. fxg6 {[%emt 0:00:00]} fxg6 {
[%emt 0:00:00]} 25. Bxd7 {[%emt 0:00:00]} Nxd7 {[%emt 0:00:00]} 26. Be3 {
[%emt 0:00:00]} Rc4 {[%emt 0:00:00]} 27. Bd4+ {[%emt 0:00:00]} Ne5 {[%emt 0:00:
00]} 28. Nf6 {[%emt 0:00:00]} 1-0

[Event "Gibraltar Masters 18th"]
[Site "Gibraltar"]
[Date "2020.01.29"]
[Round "9.10"]
[White "Kadric, Denis"]
[Black "Matlakov, Maxim"]
[Result "1-0"]
[WhiteElo "2585"]
[BlackElo "2698"]
[PlyCount "49"]
[EventDate "2020.01.21"]
[EventType "swiss"]
[EventRounds "10"]
[EventCountry "GGB"]
[SourceTitle "BritBase"]
[Source "John Saunders"]
[SourceDate "2021.06.05"]
[SourceVersion "1"]
[SourceVersionDate "2021.06.05"]
[SourceQuality "1"]
[TimeControl "40/100:0"]
[WhiteClock "0:23:10"]
[BlackClock "0:09:23"]

1. e4 {[%emt 0:00:00]} c5 {[%emt 0:00:00]} 2. Nc3 {[%emt 0:00:00]} d6 {[%emt 0:
00:00]} 3. f4 {[%emt 0:00:00]} g6 {[%emt 0:00:00]} 4. Nf3 {[%emt 0:00:00]} Bg7
{[%emt 0:00:00]} 5. Bb5+ {[%emt 0:00:00]} Bd7 {[%emt 0:00:00]} 6. Bc4 {[%emt 0:
00:00]} Nc6 {[%emt 0:00:00]} 7. O-O {[%emt 0:00:00]} e6 {[%emt 0:00:00]} 8. f5
{[%emt 0:00:00]} Nf6 {[%emt 0:00:00]} 9. d3 {[%emt 0:00:00]} exf5 {[%emt 0:00:
00]} 10. Bf4 {[%emt 0:00:00]} O-O {[%emt 0:00:00]} 11. Bxd6 {[%emt 0:00:00]}
Re8 {[%emt 0:00:00]} 12. Ng5 {[%emt 0:00:00]} Be6 {[%emt 0:00:00]} 13. exf5 {
[%emt 0:00:00]} gxf5 {[%emt 0:00:00]} 14. Nxe6 {[%emt 0:00:00]} fxe6 {[%emt 0:
00:00]} 15. Bxc5 {[%emt 0:00:00]} Nd4 {[%emt 0:00:00]} 16. h3 {[%emt 0:00:00]}
Nd7 {[%emt 0:00:00]} 17. Bxd4 {[%emt 0:00:00]} Bxd4+ {[%emt 0:00:00]} 18. Kh1 {
[%emt 0:00:00]} Ne5 {[%emt 0:00:00]} 19. Bb3 {[%emt 0:00:00]} Kh8 {[%emt 0:00:
00]} 20. Qh5 {[%emt 0:00:00]} a6 {[%emt 0:00:00]} 21. Rae1 {[%emt 0:00:00]} Qd6
{[%emt 0:00:00]} 22. Ne2 {[%emt 0:00:00]} Be3 {[%emt 0:00:00]} 23. Qh4 {
[%emt 0:00:00]} Nd7 {[%emt 0:00:00]} 24. Nf4 {[%emt 0:00:00]} Bxf4 {[%emt 0:00:
00]} 25. Rxf4 {[%emt 0:00:00]} 1-0

[Event "Gibraltar Masters 18th"]
[Site "Gibraltar"]
[Date "2020.01.29"]
[Round "9.12"]
[White "Jones, Gawain C B"]
[Black "Li, Di"]
[Result "1-0"]
[WhiteElo "2679"]
[BlackElo "2562"]
[PlyCount "85"]
[EventDate "2020.01.21"]
[EventType "swiss"]
[EventRounds "10"]
[EventCountry "GGB"]
[SourceTitle "BritBase"]
[Source "John Saunders"]
[SourceDate "2021.06.05"]
[SourceVersion "1"]
[SourceVersionDate "2021.06.05"]
[SourceQuality "1"]
[TimeControl "40/100:0"]
[WhiteClock "0:44:29"]
[BlackClock "0:58:06"]

1. e4 {[%emt 0:00:00]} e5 {[%emt 0:00:00]} 2. Nf3 {[%emt 0:00:00]} Nf6 {
[%emt 0:00:00]} 3. d4 {[%emt 0:00:00]} Nxe4 {[%emt 0:00:00]} 4. Bd3 {[%emt 0:
00:00]} d5 {[%emt 0:00:00]} 5. Nxe5 {[%emt 0:00:00]} Nd7 {[%emt 0:00:00]} 6.
Nc3 {[%emt 0:00:00]} Nxe5 {[%emt 0:00:00]} 7. dxe5 {[%emt 0:00:00]} Bb4 {
[%emt 0:00:00]} 8. O-O {[%emt 0:00:00]} Nxc3 {[%emt 0:00:00]} 9. bxc3 {[%emt 0:
00:00]} Bxc3 {[%emt 0:00:00]} 10. Rb1 {[%emt 0:00:00]} O-O {[%emt 0:00:00]} 11.
Bxh7+ {[%emt 0:00:00]} Kxh7 {[%emt 0:00:00]} 12. Qd3+ {[%emt 0:00:00]} Kg8 {
[%emt 0:00:00]} 13. Qxc3 {[%emt 0:00:00]} b6 {[%emt 0:00:00]} 14. Qg3 {[%emt 0:
00:00]} Qd7 {[%emt 0:00:00]} 15. h3 {[%emt 0:00:00]} Qf5 {[%emt 0:00:00]} 16.
Bg5 {[%emt 0:00:00]} Qg6 {[%emt 0:00:00]} 17. Rb3 {[%emt 0:00:00]} Re8 {
[%emt 0:00:00]} 18. f4 {[%emt 0:00:00]} Bf5 {[%emt 0:00:00]} 19. Qf2 {[%emt 0:
00:00]} Qc6 {[%emt 0:00:00]} 20. Rg3 {[%emt 0:00:00]} Qxc2 {[%emt 0:00:00]} 21.
Qf3 {[%emt 0:00:00]} Qe4 {[%emt 0:00:00]} 22. Qd1 {[%emt 0:00:00]} Re6 {
[%emt 0:00:00]} 23. Bf6 {[%emt 0:00:00]} g6 {[%emt 0:00:00]} 24. Rc3 {[%emt 0:
00:00]} c5 {[%emt 0:00:00]} 25. g4 {[%emt 0:00:00]} d4 {[%emt 0:00:00]} 26.
Rcf3 {[%emt 0:00:00]} Rxf6 {[%emt 0:00:00]} 27. exf6 {[%emt 0:00:00]} Bc8 {
[%emt 0:00:00]} 28. f5 {[%emt 0:00:00]} Bb7 {[%emt 0:00:00]} 29. fxg6 {[%emt 0:
00:00]} c4 {[%emt 0:00:00]} 30. Qc1 {[%emt 0:00:00]} d3 {[%emt 0:00:00]} 31.
gxf7+ {[%emt 0:00:00]} Kxf7 {[%emt 0:00:00]} 32. Qg5 {[%emt 0:00:00]} Rg8 {
[%emt 0:00:00]} 33. Qh5+ {[%emt 0:00:00]} Rg6 {[%emt 0:00:00]} 34. Qh7+ {
[%emt 0:00:00]} Kf8 {[%emt 0:00:00]} 35. Qe7+ {[%emt 0:00:00]} Qxe7 {[%emt 0:
00:00]} 36. fxe7+ {[%emt 0:00:00]} Kxe7 {[%emt 0:00:00]} 37. Rf7+ {[%emt 0:00:
00]} Kd6 {[%emt 0:00:00]} 38. Rxb7 {[%emt 0:00:00]} d2 {[%emt 0:00:00]} 39.
Rbf7 {[%emt 0:00:00]} Kc5 {[%emt 0:00:00]} 40. Kf2 {[%emt 0:00:00]} Re6 {
[%emt 0:00:00]} 41. Rc7+ {[%emt 0:00:00]} Kb4 {[%emt 0:00:00]} 42. Rb1+ {
[%emt 0:00:00]} Kc3 {[%emt 0:00:00]} 43. Rb3+ {[%emt 0:00:00]} 1-0

[Event "Gibraltar Masters 18th"]
[Site "Gibraltar"]
[Date "2020.01.29"]
[Round "9.13"]
[White "Saric, Ivan"]
[Black "Ibarra Jerez, Jose Carlos"]
[Result "1-0"]
[WhiteElo "2655"]
[BlackElo "2548"]
[PlyCount "113"]
[EventDate "2020.01.21"]
[EventType "swiss"]
[EventRounds "10"]
[EventCountry "GGB"]
[SourceTitle "BritBase"]
[Source "John Saunders"]
[SourceDate "2021.06.05"]
[SourceVersion "1"]
[SourceVersionDate "2021.06.05"]
[SourceQuality "1"]
[TimeControl "40/100:0"]
[WhiteClock "0:22:49"]
[BlackClock "0:01:39"]

1. e4 {[%emt 0:00:00]} c5 {[%emt 0:00:00]} 2. Nf3 {[%emt 0:00:00]} e6 {[%emt 0:
00:00]} 3. d4 {[%emt 0:00:00]} cxd4 {[%emt 0:00:00]} 4. Nxd4 {[%emt 0:00:00]}
Nf6 {[%emt 0:00:00]} 5. Nc3 {[%emt 0:00:00]} Nc6 {[%emt 0:00:00]} 6. Nxc6 {
[%emt 0:00:00]} bxc6 {[%emt 0:00:00]} 7. e5 {[%emt 0:00:00]} Nd5 {[%emt 0:00:
00]} 8. Ne4 {[%emt 0:00:00]} Qc7 {[%emt 0:00:00]} 9. f4 {[%emt 0:00:00]} Qb6 {
[%emt 0:00:00]} 10. c4 {[%emt 0:00:00]} Bb4+ {[%emt 0:00:00]} 11. Ke2 {[%emt 0:
00:00]} f5 {[%emt 0:00:00]} 12. Nf2 {[%emt 0:00:00]} Ba6 {[%emt 0:00:00]} 13.
Kf3 {[%emt 0:00:00]} Ne7 {[%emt 0:00:00]} 14. Be3 {[%emt 0:00:00]} Bc5 {
[%emt 0:00:00]} 15. Bxc5 {[%emt 0:00:00]} Qxc5 {[%emt 0:00:00]} 16. Qd6 {
[%emt 0:00:00]} Qb6 {[%emt 0:00:00]} 17. b3 {[%emt 0:00:00]} c5 {[%emt 0:00:00]
} 18. Be2 {[%emt 0:00:00]} Bb7+ {[%emt 0:00:00]} 19. Kg3 {[%emt 0:00:00]} Qxd6
{[%emt 0:00:00]} 20. exd6 {[%emt 0:00:00]} Ng8 {[%emt 0:00:00]} 21. a3 {
[%emt 0:00:00]} Nf6 {[%emt 0:00:00]} 22. b4 {[%emt 0:00:00]} Kf7 {[%emt 0:00:
00]} 23. b5 {[%emt 0:00:00]} Rhg8 {[%emt 0:00:00]} 24. h4 {[%emt 0:00:00]} h6 {
[%emt 0:00:00]} 25. Bf3 {[%emt 0:00:00]} Bxf3 {[%emt 0:00:00]} 26. Kxf3 {
[%emt 0:00:00]} Rgb8 {[%emt 0:00:00]} 27. a4 {[%emt 0:00:00]} a6 {[%emt 0:00:
00]} 28. Rhd1 {[%emt 0:00:00]} h5 {[%emt 0:00:00]} 29. Ke2 {[%emt 0:00:00]} Ra7
{[%emt 0:00:00]} 30. Kd3 {[%emt 0:00:00]} Rb6 {[%emt 0:00:00]} 31. Kc3 {
[%emt 0:00:00]} Rb8 {[%emt 0:00:00]} 32. Kb2 {[%emt 0:00:00]} Kf8 {[%emt 0:00:
00]} 33. Ra3 {[%emt 0:00:00]} Kf7 {[%emt 0:00:00]} 34. Nh3 {[%emt 0:00:00]} Ng4
{[%emt 0:00:00]} 35. Ng5+ {[%emt 0:00:00]} Ke8 {[%emt 0:00:00]} 36. Rd2 {
[%emt 0:00:00]} Kf8 {[%emt 0:00:00]} 37. Ka2 {[%emt 0:00:00]} Raa8 {[%emt 0:00:
00]} 38. Kb2 {[%emt 0:00:00]} Ra7 {[%emt 0:00:00]} 39. g3 {[%emt 0:00:00]} Nf6
{[%emt 0:00:00]} 40. Rdd3 {[%emt 0:00:00]} Ke8 {[%emt 0:00:33]} 41. Rab3 {
[%emt 0:00:14]} axb5 {[%emt 0:00:00]} 42. Rxb5 {[%emt 0:00:00]} Rba8 {[%emt 0:
00:00]} 43. Rdb3 {[%emt 0:00:00]} Kf8 {[%emt 0:00:00]} 44. Rb8+ {[%emt 0:00:00]
} Ne8 {[%emt 0:00:00]} 45. Kc3 {[%emt 0:00:00]} Rxa4 {[%emt 0:00:00]} 46. Nxe6+
{[%emt 0:00:00]} Kf7 {[%emt 0:00:00]} 47. Nxc5 {[%emt 0:00:00]} Rxb8 {[%emt 0:
00:00]} 48. Rxb8 {[%emt 0:00:00]} Ra3+ {[%emt 0:00:00]} 49. Kb4 {[%emt 0:00:00]
} Ra1 {[%emt 0:00:00]} 50. Rd8 {[%emt 0:00:00]} Ra7 {[%emt 0:00:00]} 51. Rxd7+
{[%emt 0:00:00]} Rxd7 {[%emt 0:00:00]} 52. Nxd7 {[%emt 0:00:00]} Ke6 {[%emt 0:
00:00]} 53. Nf8+ {[%emt 0:00:00]} Kxd6 {[%emt 0:00:00]} 54. Kb5 {[%emt 0:00:00]
} Nf6 {[%emt 0:00:00]} 55. c5+ {[%emt 0:00:00]} Ke7 {[%emt 0:00:01]} 56. Ng6+ {
[%emt 0:00:00]} Kd8 {[%emt 0:01:07]} 57. Kb6 {[%emt 0:00:00]} 1-0